000 00628nam a2200241Ia 4500
003 OSt
005 20220924150334.0
006 a|||||r|||| 00| 0
007 ta
008 220923b |||||||| |||| 00| 0 tel d
020 _c25
024 _a332781
037 _cTextual
040 _aARTS
_cARTS
_btel
041 _2tel
_atel
082 _aO35,1M95:g, N0
100 _aG.S. Lakshmi
_9221878
245 0 _aKinnerasani patalu
_b vakyaprayoga vachitri oka parisheelana
260 _c1990
650 _aTELUGU POETRY
942 _hO35,1M95:g, N0
_cTEXL
_2CC
999 _c462990
_d462990